| 000 | 00455pab a2200181 454500 | ||
|---|---|---|---|
| 008 | 180718b2004 xxu||||| |||| 00| 0 eng d | ||
| 100 | _aSarangal, Meenakshi | ||
| 245 | _aPrevailing superstitions in ruralities - an overview | ||
| 260 | _c2004 | ||
| 300 | _ap.79-90 | ||
| 362 | _aApr | ||
| 650 | _aSuperstition | ||
| 650 | _aBelief | ||
| 700 | _aSidhu, M. | ||
| 700 | _aSingh, Harnek | ||
| 773 | _aGuru Nanak Journal of Sociology | ||
| 909 | _a63902 | ||
| 999 |
_c63902 _d63902 |
||